000 00347nam a2200133Ia 4500
008 100328s9999 xx 000 0 und d
082 _b53369
100 _aराजाध्यक्ष विजया
245 _aविदेही
260 _bमौज
630 _aविदेही
730 _aविदेही
942 _cBOOK
999 _c540122
_d540119